La cruz del diablo y otras leyendas /
Guardado en:
| Autor Principal: | |
|---|---|
| Formato: | Libro |
| Publicado: |
Buenos Aires :
Eudeba,
2007
|
| Series: | Libros para siempre
|
| Materias: | |
| Etiquetas: |
Agregar Etiqueta
Sin Etiquetas, Sea el primero en etiquetar este registro!
|
| LEADER | 01156nam a22002655a 4500 | ||
|---|---|---|---|
| 001 | CEM.cems012683 | ||
| 008 | 130507s2007##################000#0#####d | ||
| 005 | 20220929200129.0 | ||
| 245 | 1 | 0 | |a La cruz del diablo y otras leyendas / |c Gustavo Adolfo Bécquer |
| 260 | |a Buenos Aires : |b Eudeba, |c 2007 | ||
| 300 | |a 152 p. | ||
| 490 | 0 | |a Libros para siempre | |
| 500 | |a Plan Nacional de Lectura. | ||
| 505 | 0 | |a Maese Pérez el organista -- Los ojos verdes -- La ajorca de oro -- El rayo de luna -- La cruz del diablo -- El cristo de la calavera -- El beso -- El monte de las ánimas -- La cueva de la mora -- La corza blanca | |
| 020 | |a 9789502313429 | ||
| 100 | 1 | |a Bécquer, Gustavo Adolfo | |
| 082 | 0 | 4 | |a 868.5 |
| 653 | |a Literatura | ||
| 653 | |a Literatura española | ||
| 653 | |a Leyendas | ||
| 859 | |a CEMS |b BIB. CEMS - Agricultura |h 868.5 |i B389 |p A3382.21 |t Ej.1 | ||
| 859 | |a CEMS |b BIB. CEMS - 11 de abril |h 868.5 |i B389-1 |p 24015.07 |t Ej.1 | ||
| 859 | |a CEMS |b BIB. CEMS - 11 de abril |h 868.5 |i B389-1 |p 25088.08 |t Ej.2 | ||
| 859 | |a CEMS |b BIB. CEMS - 11 de abril |h 868.5 |i B389-1 |p 25089.08 |t Ej.3 | ||
| 859 | |a CEMS |b BIB. CEMS - 11 de abril |h 868.5 |i B389-1 |p 25090.08 |t Ej.4 | ||
